Zdobywcy Złotej Piłki 1956-2020 - Statystyki

Ogólne statystyki
  • Ten quiz został rozwiązany 34 137 razy
    22 985 od ostatniego zresetowania
  • Średni wynik to 29 z 64
Statystyki odpowiedzi
Rok Narodowość Pozycja Laureat Złotej Piłki % Poprawnych
2019 Argetyńczyk Napastnik Lionel Messi
100%
2015 Argentyńczyk Napastnik Lionel Messi
100%
2012 Argentyńczyk Napastnik Lionel Messi
100%
2011 Argentyńczyk Napastnik Lionel Messi
100%
2010 Argentyńczyk Napastnik Lionel Messi
100%
2009 Argentyńczyk Napastnik Lionel Messi
100%
2002 Brazylijczyk Napastnik Ronaldo
98%
1997 Brazylijczyk Napastnik Ronaldo
98%
2018 Chorwat Pomocnik Luka Modrić
93%
2017 Portugalczyk Napastnik Cristiano Ronaldo
91%
2016 Portugalczyk Napastnik Cristiano Ronaldo
91%
2014 Portugalczyk Napastnik Cristiano Ronaldo
91%
2013 Portugalczyk Napastnik Cristiano Ronaldo
91%
2008 Portugalczyk Napastnik Cristiano Ronaldo
91%
2005 Brazylijczyk Pomocnik Ronaldinho
74%
2007 Brazylijczyk Pomocnik Kaká
68%
1998 Francuz Pomocnik Zinédine Zidane
68%
2006 Włoch Obrońca Fabio Cannavaro
61%
2000 Portugalczyk Skrzydłowy Luís Figo
61%
1963 ZSSR Bramkarz Lew Jaszyn
59%
2003 Czech Pomocnik Pavel Nedvěd
56%
2004 Ukrainiec Napastnik Andrij Szewczenko
52%
1992 Holender Napastnik Marco van Basten
48%
1989 Holender Napastnik Marco van Basten
48%
1988 Holender Napastnik Marco Van Basten
48%
2001 Anglik Napastnik Michael Owen
47%
1999 Brazylijczyk Napastnik Rivaldo
45%
1987 Holender Pomocnik Ruud Gullit
45%
1976 RFN Obrońca Franz Beckenbauer
44%
1972 RFN Obrońca Franz Beckenbauer
44%
1974 Holender Pomocnik/Napastnik Johan Cruyff
42%
1973 Holender Pomocnik/Napastnik Johan Cruyff
42%
1971 Holender Pomocnik/Napastnik Johan Cruyff
42%
1995 Liberyjczyk Napastnik George Weah
41%
1959 Argentyńczyk/Hiszpan Napastnik Alfredo Di Stéfano
40%
1957 Argentyńczyk/Hiszpan Napastnik Alfredo Di Stéfano
40%
1968 Irlandczyk Północny Pomocnik George Best
39%
1970 RFN Napastnik Gerd Müller
38%
1985 Francuz Pomocnik Michel Platini
37%
1984 Francuz Pomocnik Michel Platini
37%
1983 Francuz Pomocnik Michel Platini
37%
1994 Bułgar Napastnik Christo Stoiczkow
36%
1965 Portugalczyk Napastnik Eusébio
35%
1990 Niemiec Pomocnik Lothar Matthäus
28%
1993 Włoch Napastnik Roberto Baggio
28%
1960 Hiszpan Pomocnik/Napastnik Luis Suárez
21%
1966 Anglik Pomocnik/Napastnik Bobby Charlton
17%
1991 Francuz Napastnik Jean-Pierre Papin
16%
1996 Niemiec Obrońca Matthias Sammer
13%
1982 Włoch Napastnik Paolo Rossi
13%
1958 Francuz Napastnik Raymond Kopa
12%
1981 RFN Napastnik Karl-Heinz Rummenigge
9%
1980 RFN Napastnik Karl-Heinz Rummenigge
9%
1956 Anglik Skrzydłowy Stanley Matthews
9%
1964 Szkot Napastnik Denis Law
8%
1979 Anglik Napastnik Kevin Keegan
8%
1978 Anglik Napastnik Kevin Keegan
8%
1975 ZSSR Napastnik Ołeh Błochin
7%
1967 Węgier Napastnik Flórián Albert
6%
1977 Duńczyk Napastnik Allan Simonsen
5%
1969 Włoch Pomocnik/Napastnik Gianni Rivera
5%
1986 ZSSR Napastnik Ihor Biełanow
5%
1962 Czechosłowak Pomocnik/Obrońca Josef Masopust
5%
1961 Argentyńczyk/Włoch Napastnik Omar Sívori
5%
Nie znaleziono quizów pasujących do podanych kryteriów
Rozkład punktacji
Procent ludzi z każdym wynikiem
Percentyl według liczby udzielonych odpowiedzi
Twoja historia wyników
Nie rozwiązałeś tego quizu od ostatniego zresetowania